000 00526nam a2200181Ia 4500
005 20250508165315.0
008 008 250505s9999 xx 000 0 eng d
037 _aDissertations
040 _aFEDL
_beng
_cFEDL
041 _aeng
_2eng
084 _a373.238, MER/DI
_qFEDL
100 _aMerusomayajulu Sharada
_9780457
245 0 _aEvolving strategies to develop + 2 students' note making skills
260 _c2003
300 _av, 243p.
942 _cDIS
_h373.238, MER/DI
999 _c1394342
_d1394342